| 000 | 00923cam a2200277 a 4500 | ||
|---|---|---|---|
| 001 | 3278678 | ||
| 003 | OSt | ||
| 005 | 20241021161503.0 | ||
| 008 | 820820s1983 njua b 001 0 eng | ||
| 010 | _a 82016546 | ||
| 020 |
_a0136383955 : _c$44.95 |
||
| 020 |
_a013638353X (pbk.) : _c$18.95 |
||
| 040 |
_aDLC _cmust _dDLC |
||
| 050 | 0 | 0 |
_aQC673 _b.W54 1983 |
| 082 | 0 | 0 |
_a621.36 _219 |
| 100 | 1 |
_aWilson, J. _q(John), _d1939- _919281 |
|
| 245 | 1 | 0 |
_aOptoelectronics, an introduction / _cJ. Wilson, J.F.B. Hawkes. |
| 260 |
_aEnglewood Cliffs, N.J. : _bPrentice-Hall, _cc1983. |
||
| 300 |
_axv, 445 p. : _bill. ; _c24 cm. |
||
| 440 | 0 |
_aPrentice-Hall international series in optoelectronics _919282 |
|
| 504 | _aIncludes bibliographical references and index. | ||
| 650 | 0 |
_aOptoelectronics. _911327 |
|
| 700 | 1 |
_aHawkes, J. F. B., _d1942- _919283 |
|
| 906 |
_a7 _bcbc _corignew _d1 _eocip _f19 _gy-gencatlg |
||
| 942 |
_2ddc _cB_BANK |
||
| 999 |
_c9453 _d9453 |
||